La folle de Maigret ; roman.

Bibliographic Details
Main Author: Simenon, Georges, 1903-1989
Format: Book
Language:French
Published: Paris : Presses de la Cite, [1970]

MARC

Tag First Indicator Second Indicator Subfields
LEADER 00000cam a2200000 4500
001 in00000471925
005 20151013051046.0
008 740829s1970 fr 00001 fre
010 |a  79569553  
035 |a (OCoLC)00992655 
035 |9 ACA8183AM 
040 |c SHP  |d TXA  |d UtOrBLW 
049 |a TXAM  |c [439135] 
050 0 0 |a PQ2637.I53  |b F55 
092 |a Fic 
100 1 |a Simenon, Georges,  |d 1903-1989. 
245 1 3 |a La folle de Maigret ;  |b roman. 
264 1 |a Paris :  |b Presses de la Cite,  |c [1970] 
264 4 |c [©1970] 
300 |a 186 pages ;  |c 18 cm. 
336 |a text  |b txt  |2 rdacontent 
337 |a unmediated  |b n  |2 rdamedia 
338 |a volume  |b nc  |2 rdacarrier 
999 |a MARS 
999 f f |s b17337c0-3dab-3eb1-8a94-31302fc7ec19  |i 4e5edc9e-f866-3fde-86af-d327b74cb756  |t 0 
952 f f |p normal  |a Texas A&M University  |b College Station  |c Sterling C. Evans Library  |d Evans: Library Stacks  |t 0  |e PQ2637.I53 F55  |h Library of Congress classification  |i unmediated -- volume  |m A14803787844 
998 f f |a PQ2637.I53 F55  |t 0  |l Evans: Library Stacks